Statistics for General Knowledge Quiz #122

Click here to take the quiz!

General Stats

  • This quiz has been taken 30,793 times
    (17,284 since last reset)
  • The average score is 10 of 20

Answer Stats

Question Answer % Correct
If there's something strange in your neighborhood, who you gonna call?Ghostbusters
93%
What type of fabric are blue jeans normally made from?Denim
76%
In what city must taxi drivers learn "The Knowledge" to navigate without the aid of maps?London
67%
What city is known as Praha in its own language?Prague
67%
What is the term for a gas, such as CO2 or methane, that lets more energy
into the atmosphere than it lets out?
{Greenhouse} Gas
60%
What dynasty did King Henry VIII and Elizabeth I belong to?The Tudors
60%
Who was Maid Marian's romantic interest?Robin Hood
59%
What product is made by Steinway and Sons?Pianos
57%
What musical features a feline character named Mr. Mistoffelees?Cats
57%
What is Adderall used to treat?ADHD
56%
What, besides water and barley, was the only ingredient that was allowed in Bavarian beer?Hops
55%
What country does the name Pádraig come from?Ireland
54%
What, according to cliche, are the 3 most important things in real estate?Location, Location,
Location
54%
What does one call a member of the Society of Jesus?a Jesuit
36%
What type of people are emperiled in parts of Africa, due to the belief that
their body parts have magical powers?
Albinos
35%
What country do bagels come from originally?Poland
34%
In what country was "The Book of the Dead" written?Egypt
33%
Metaphorically speaking, what are beaten into plowshares in time of peace?Swords
27%
What 19th century tycoon donated enough money to build over 2,500 libraries?Andrew Carnegie
26%
What pop star won a Golden Raspberry for Worst Actress for her role in the "Glitter"?Mariah Carey
26%

Score Distribution

Percentile by Number Answered

Percent of People with Each Score

Your Score History

You have not taken this quiz since the last reset